Catálogo

El método. (Registro nro. 25611)

Detalles MARC
000 -LEADER
fixed length control field 01439cam a2200385 i 4500
001 - CONTROL NUMBER
control field 25611
003 - CONTROL NUMBER IDENTIFIER
control field Mx-PuUPA
005 - DATE AND TIME OF LATEST TRANSACTION
control field 20251015120821.0
008 - FIXED-LENGTH DATA ELEMENTS--GENERAL INFORMATION
fixed length control field 140415s2006 sp a gr 001 0 spa d
017 ## - COPYRIGHT OR LEGAL DEPOSIT NUMBER
Copyright or legal deposit number M. 37.251-2006
020 ## - INTERNATIONAL STANDARD BOOK NUMBER
International Standard Book Number 8437623324
040 ## - CATALOGING SOURCE
Original cataloging agency Mx-PuUPA
Language of cataloging spa
Transcribing agency Mx-PuUPA
Modifying agency Mx-PuUPA
Description conventions rda
041 1# - LANGUAGE CODE
Language code of text/sound track or separate title spa
Language code of original fre
100 1# - MAIN ENTRY--PERSONAL NAME
Personal name Morin, Edgar,
Relator term autor
9 (RLIN) 3967
240 13 - UNIFORM TITLE
Uniform title Le Méthode. La connaissance de la connaissance.
Language of a work Español
245 10 - TITLE STATEMENT
Title El método.
Number of part/section of a work 3,
Remainder of title El conocimiento del conocimiento /
Statement of responsibility, etc. Edgar Morin ; traducción de Ana Sánchez
246 10 - VARYING FORM OF TITLE
Title proper/short title Libro primero :
Remainder of title antropología del conocimiento
250 ## - EDITION STATEMENT
Edition statement Quinta edición
264 #1 - PRODUCTION, PUBLICATION, DISTRIBUTION, MANUFACTURE, AND COPYRIGHT NOTICE
Place of production, publication, distribution, manufacture Madrid, España :
Name of producer, publisher, distributor, manufacturer Ediciones Cátedra,
Date of production, publication, distribution, manufacture, or copyright notice 2006
300 ## - PHYSICAL DESCRIPTION
Extent 263 páginas :
Other physical details ilustraciones (blanco y negro) ;
Dimensions 21 cm
336 ## - CONTENT TYPE
Fuente rdacontent
Content type term texto
Content type code txt
337 ## - MEDIA TYPE
Source rdamedia
Media type term sin medio
Media type code n
338 ## - CARRIER TYPE
Source rdacarrier
Carrier type term volumen
Carrier type code nc
490 0# - SERIES STATEMENT
Series statement Colección Teorema
490 0# - SERIES STATEMENT
Series statement Mayor
650 #7 - SUBJECT ADDED ENTRY--TOPICAL TERM
Source of heading or term armarc
Topical term or geographic name entry element Teoría del conocimiento
650 #7 - SUBJECT ADDED ENTRY--TOPICAL TERM
Source of heading or term armarc
Topical term or geographic name entry element Antropología filosófica
650 #7 - SUBJECT ADDED ENTRY--TOPICAL TERM
Source of heading or term armarc
Topical term or geographic name entry element Metodolofía científica
700 1# - ADDED ENTRY--PERSONAL NAME
Personal name Sánchez, Ana,
Relator term traductor
9 (RLIN) 602
765 1# - ORIGINAL LANGUAGE ENTRY
Main entry heading Morin, Edgar
Title La Méthode 3. La connaissance de la connaissance
Place, publisher, and date of publication Editions du Seuil, 1986
942 ## - ADDED ENTRY ELEMENTS (KOHA)
Source of classification or shelving scheme Dewey Decimal Classification
Koha item type Libro
Classification part 121
Item part M8218
Existencias
Withdrawn status Lost status Source of classification or shelving scheme Damaged status Not for loan Collection code Home library Current library Shelving location Date acquired Source of acquisition Cost, normal purchase price Serial Enumeration / chronology Total Checkouts Total Renewals Full call number Barcode Date last seen Date last checked out Cost, replacement price Price effective from Koha item type
    Dewey Decimal Classification     General Biblioteca Karol Wojtyla Biblioteca Karol Wojtyla Sala general 03/12/2013 Donación 0.00 v.3 1 1 121 M8218 2006 47662 10/04/2026 13/03/2026 0.00 03/12/2013 Libro